کنزُالایمان فی تر جمتہ القرآن (Record no. 14564)

MARC details
000 -LEADER
fixed length control field 00367nam a2200133Ia 4500
008 - FIXED-LENGTH DATA ELEMENTS--GENERAL INFORMATION
fixed length control field 230312s9999||||xx |||||||||||||| ||und||
082 ## - DEWEY DECIMAL CLASSIFICATION NUMBER
Classification number 891.4
Item number NAE-K
100 ## - MAIN ENTRY--PERSONAL NAME
Personal name سید محمد نعیم الدین
245 #0 - TITLE STATEMENT
Title کنزُالایمان فی تر جمتہ القرآن
260 ## - PUBLICATION, DISTRIBUTION, ETC.
Name of publisher, distributor, etc. دارالقرآن
Place of publication, distribution, etc. pak
300 ## - PHYSICAL DESCRIPTION
Extent 1132
650 ## - SUBJECT ADDED ENTRY--TOPICAL TERM
Topical term or geographic name entry element Literature
942 ## - ADDED ENTRY ELEMENTS (KOHA)
Koha item type BOOK
Holdings
Withdrawn status Lost status Source of classification or shelving scheme Damaged status Not for loan Home library Current library Date acquired Total Checkouts Full call number Barcode Date last seen Date last checked out Price effective from Koha item type
    Dewey Decimal Classification     Superior Information Resource Center (SIRC) Superior University- Central Library Superior Information Resource Center (SIRC) Superior University- Central Library 03/13/2023 1 891.4 NAE-K 14700 04/15/2025 04/15/2025 03/13/2023 BOOK

Powered by Koha